| 000 | 00591nam a2200229Ia 4500 | ||
|---|---|---|---|
| 003 | OSt | ||
| 005 | 20220924151927.0 | ||
| 006 | a|||||r|||| 00| 0 | ||
| 007 | ta | ||
| 008 | 220923b |||||||| |||| 00| 0 mar d | ||
| 024 | _a340000 | ||
| 037 | _cTextual | ||
| 040 |
_aARTS _cARTS _bmar |
||
| 041 |
_2mar _amar |
||
| 082 | _aO155,1G90w, D7 | ||
| 100 |
_aJog Vishnu Narsingh _9225326 |
||
| 245 | 0 | _aGyandevi gatha | |
| 260 | _c1927 | ||
| 650 |
_aMARATHI LITERATURE _938000 |
||
| 942 |
_hO155,1G90w, D7 _cTEXL _2CC |
||
| 999 |
_c468114 _d468114 |
||